01015cam a22003614i 4500003000900000005001700009008004100026020001500067035002700082040003300109082001700142100005300159245003800212264005800250300003800308336002100346337002500367338002300392505008500415526001000500526001000510526001000520526001000530526000800540526000800548526000800556526000800564526000800572526000800580526000800588630003200596650002500628PE-LiUPU20250731173500.0150616s1970 miu r 000 0 eng d a0825428351 a(Sirsi) i9780825428357 aPE-LiUPUbspacPE-LiUPUerda04a244bH392211 aHengstenberg, Ernst Wilhelm,d1802-1869,eautor.10aChristology of the Old Testament. 1aGrand Rapids, Michigan :bKregel Publications,c1970. a715 páginas ;c23 centímetros atext2rdacontent aunmediated2rdamedia avolume2rdacarrier0 aHistory of the messianic prediction anong the hebrews -- The nature of prophecy. aSEG42 aSEG41 aSEG40 aSEG39 aP94 aP87 aP86 aP85 aP77 aP76 aP35 aBiblia.pA.T.xProfecías.04aMesiasxProfecías.